000 01238nam0a22002891 4500
001 rc\41796
005 20250620155527.0
035 _a(NLR Aleph) 005323426
090 _a6513222
_c6513222
100 _a20021216d1992 |||y0rusy50 ca
101 0 _arus
102 _aRU
105 _ay |||||||||
200 1 _aФундаментальные модели элеметарных взаимодействий и теория физического вакуума
_fЕ.А. Губарев, А.Н. Сидоров, Г.И. Шипов
210 _aМ.
_cМНТЦ "ВЕНТ"
_d1992
215 _a67 с.
_d20
225 1 _aПрепринт
_fМежотрасл. науч.-техн. центр венчур. нетрадиц. технологий
_v№ 17
320 _aБиблиогр.: с. 63-65 (42 назв.)
700 1 _aГубарев
_bЕ.А.
_gЕвгений Алексеевич
701 1 _7ca
_8rus
_aСидоров
_bА. Н.
_cканд. физ.-мат. наук
_gАндрей Николаевич
_9237001
_3RU\NLR\AUTH\770237057
701 1 _aШипов
_bГ.И.
_gГеннадий Иванович
801 0 _aRU
_bNLR
_gpsbo
801 1 _aRU
_bELAR
_2rusmarc
852 _aNLR
_j92-4/7437
942 _cBOOK
980 _aNB